Cloud Computing (Record no. 340164)

MARC details
000 -LEADER
fixed length control field 00488nam a2200169Ia 4500
008 - FIXED-LENGTH DATA ELEMENTS--GENERAL INFORMATION
fixed length control field 230718s9999 xx 000 0 und d
020 ## - INTERNATIONAL STANDARD BOOK NUMBER
International Standard Book Number 9788131776513
041 ## - LANGUAGE CODE
Language code of text/sound track or separate title eng
082 ## - DEWEY DECIMAL CLASSIFICATION NUMBER
Classification number 006.7'8
Item number SRI
100 ## - MAIN ENTRY--PERSONAL NAME
Personal name Srinivasan A.
245 ## - TITLE STATEMENT
Title Cloud Computing
Remainder of title A Practical Approach For Learning And Implementation
260 ## - PUBLICATION, DISTRIBUTION, ETC. (IMPRINT)
Date of publication, distribution, etc. 2014
Name of publisher, distributor, etc. Pearson
300 ## - PHYSICAL DESCRIPTION
Extent 412
365 ## - TRADE PRICE
Currency code Rs.
Price amount 375.00
700 ## - ADDED ENTRY--PERSONAL NAME
Personal name Srinivasan A. & Suresh J.
906 ## - LOCAL DATA ELEMENT F, LDF (RLIN)
d O:0459024-Aug-2015B:57121-Aug-2015
c IT
b 1012.5
Holdings
Withdrawn status Lost status Damaged status Not for loan Home library Current library Date acquired Vendor Budget Code Cost, normal purchase price Bill number Total Checkouts Full call number Barcode Date last seen Date last checked out Discount Cost, replacement price Bill Date Koha item type Original Barcode
        Cummins College of Engineering for Women Pune Cummins College of Engineering for Women Pune 24/08/2015 Technical Book Services IT 273.75 571 3 006.7'8 CCEP-BK-51371 26/02/2024 21/02/2024 1012.5 375.00 21/08/2015 Books 051371